000 00245nam a2200097Ia 4500
008 200302s9999 xx 000 0 und d
100 _aKolan Peterson
245 _aWater Colors Step by Step
260 _bWalter T. Foster Publication
300 _a34 P.,
999 _c565
_d565